000 00464nam a2200157 i 4500
001 89855
003 ES-MaACL
007 t|
008 050114s1983 fr ||||1| fre d
100 1 _aLaszlo, Ervin.
_970508
245 1 3 _aLa crise finale /
_cErvin Laszlo ; traduit de l'americain par Tony Mayer.
260 _aParis :
_bBernard Grasset,
_c[1983]
300 _a298 p. :
_bil. ;
_c23 cm.
700 1 _aMayer, Tony.
_979366
852 _aES-MaACL
_jL-5662
_bR.106155
999 _c89855
_d89855